Academy Award Winning Actors/Actresses on "Friends" - Statistics

General Stats
  • This quiz has been taken 1,358 times
  • The average score is 3 of 8
Answer Stats
Character's Name Actor/Actress % Correct
Susie "Underpants" Moss Julia Roberts
87%
Jill Green Reese Witherspoon
77%
Dr. Michael Mitchell George Clooney
46%
Eric Sean Penn
43%
Cecilia Munroe Susan Sarandon
31%
Tomas Robin Williams
29%
Jamie Buchman Helen Hunt
19%
Himself Charlton Heston
13%
No matching quizzes found
Score Distribution
Percent of People with Each Score
Percentile by Number Answered
Your Score History
You have not taken this quiz